|
|
|
|
| LEADER |
00000nam a2200000 i 4500 |
| 001 |
1/101490 |
| 008 |
960502s1994 gre d |
| 020 |
|
|
|a 960-306-068-2
|
| 035 |
|
|
|l 10057703
|
| 040 |
|
|
|a GR-MY-UA
|b gre
|e aacr
|
| 041 |
0 |
|
|a gre
|
| 082 |
0 |
|
|a 658.4038
|
| 100 |
1 |
|
|a Μανωλοπούλου, Ευγενία.
|
| 245 |
1 |
0 |
|a Τεχνικές ανάλυσης και σχεδίασης συστημάτων /
|c Ευγενία Μανωλοπούλου
|
| 246 |
3 |
4 |
|a Τεχνικές για την ανάλυση & σχεδίαση συστημάτων
|
| 260 |
|
|
|a Αθήνα; Θεσσαλονίκη :
|b Anubis,
|c c1994
|
| 300 |
|
|
|a x, 214 σ.;
|b εικ., πιν., διαγρ.;
|c 25 εκ.
|
| 504 |
|
|
|a Περιέχει ευρετήριο
|
| 650 |
0 |
0 |
|a Management information systems.
|
| 852 |
|
|
|a INST
|b CHIOS
|e 19960820
|h 658.4038 ΜΑΝ
|p 005200000023
|q 005200000023
|t BK
|y 0
|
| 852 |
|
|
|a INST
|b CHIOS
|e 19960502
|h 658.4038 ΜΑΝ
|p 005200000490
|q 005200000490
|t BK
|y 4
|x 20120518
|
| 852 |
|
|
|a INST
|b CHIOS
|e 19960513
|h 658.4038 ΜΑΝ
|p 005200008488
|q 005200008488
|t BK
|y 0
|
| 852 |
|
|
|a INST
|b CHIOS
|e 20000210
|h 658.4038 ΜΑΝ
|p 005200018750
|q 005200018750
|t BK
|y 0
|
| 852 |
|
|
|a INST
|b LESVOS
|e 20031007
|h 658.4038 ΜΑΝ
|p 005100030321
|q 005100030321
|t BK
|y 0
|
| 901 |
|
|
|a BIBL2-2000-1
|
| 901 |
|
|
|a BIBL1-2004-3
|
| 909 |
|
|
|a Χ
|b 042731
|
| 909 |
|
|
|a Χ
|b 046639
|
| 909 |
|
|
|a Χ
|b 074230
|
| 909 |
|
|
|a Λ
|b 106295
|
| 922 |
|
|
|a 2ΕΛΗ
|b 200002
|c ΤΔΕ
|d ΠΑΠΑΣΩΤΗΡΙΟΥ
|
| 922 |
|
|
|a 1ΕΛΗ
|b 200309
|c ΤΑΚ/ΠΤΕ
|d ΠΑΠΑΣΩΤΗΡΙΟΥ & ΕΛΕΥΘΕΡΟΥΔΑΚΗΣ
|
| 950 |
|
|
|a 112-1999-11-19
|
| 950 |
|
|
|a 185-2003-09-09
|